000 00350nam a2200157Ia 4500
008 230524s9999 xx 000 0 und d
082 _bGOO
100 _aDan Gookin
_92822
245 0 _aC For Dummies
250 _a4TH
260 _aNEW DELHI
_bLaxmi
_c1998
300 _aXX;559
500 _aQuantity Number: 1
650 _aComp-Sc
942 _cBK
999 _c4819
_d4819